[Event "CZE-chT2E 1516"]
[Site "Czech Republic"]
[Date "2015.11.22"]
[Round "3.5"]
[White "Uhmann, Jan"]
[Black "Nepomucky, Ondrej"]
[Result "1/2-1/2"]
[WhiteElo "2059"]
[BlackElo "2239"]
[PlyCount "22"]
[EventDate "2015.10.18"]
[EventType "team-tourn"]
[EventRounds "11"]
[EventCountry "CZE"]
[SourceTitle "EXT 2022"]
[Source "ChessBase"]
[SourceDate "2021.10.06"]
[SourceVersion "1"]
[SourceVersionDate "2021.10.06"]
[SourceQuality "1"]
[WhiteTeam "Orechov"]
[BlackTeam "Brno Duras II"]
[WhiteTeamCountry "CZE"]
[BlackTeamCountry "CZE"]

1. d4 d5 2. c4 e6 3. Nc3 c5 4. cxd5 cxd4 5. Qxd4 Nc6 6. Qa4 exd5 7. e3 Nf6 8. Nf3 Bc5 9. Be2 0-0 10. 0-0 Qe7 11. a3 Bb6 1/2-1/2

[Event "CZE-chT2E 1516"]
[Site "Czech Republic"]
[Date "2015.10.18"]
[Round "1.3"]
[White "Uhmann, Jan"]
[Black "Markovic, Ivan1111"]
[Result "1/2-1/2"]
[WhiteElo "2059"]
[BlackElo "2124"]
[PlyCount "21"]
[EventDate "2015.10.18"]
[EventType "team-tourn"]
[EventRounds "11"]
[EventCountry "CZE"]
[SourceTitle "EXT 2022"]
[Source "ChessBase"]
[SourceDate "2021.10.06"]
[SourceVersion "1"]
[SourceVersionDate "2021.10.06"]
[SourceQuality "1"]
[WhiteTeam "Orechov"]
[BlackTeam "Kurim"]
[WhiteTeamCountry "CZE"]
[BlackTeamCountry "CZE"]

1. d4 d6 2. c4 Nf6 3. Nc3 Nbd7 4. e4 e5 5. d5 c5 6. Bd3 Be7 7. Nge2 a6 8. 0-0 0-0 9. Ng3 Ne8 10. Bd2 Bg5 11. Qc1 1/2-1/2

[Event "CZE-ch Seniors 60"]
[Site "Rychnov nad Kneznou"]
[Date "2015.08.21"]
[Round "7"]
[White "Mlynek, Petr"]
[Black "Uhmann, Jan"]
[Result "1/2-1/2"]
[WhiteElo "2197"]
[BlackElo "2019"]
[PlyCount "54"]
[EventDate "2015.08.15"]
[EventType "swiss"]
[EventRounds "9"]
[EventCountry "CZE"]
[SourceTitle "EXT 2016"]
[Source "ChessBase"]
[SourceDate "2015.10.08"]
[SourceVersion "1"]
[SourceVersionDate "2015.10.08"]
[SourceQuality "1"]

1. d4 d5 2. c4 e6 3. Nf3 Nf6 4. g3 c6 5. Qc2 Ne4 6. Bg2 f5 7. 0-0 Be7 8. b3 0-0 9. Ba3 Nd7 10. Bxe7 Qxe7 11. Nbd2 Rf6 12. Ne5 Nf8 13. f3 Nd6 14. e4 Nf7 15. Rfe1 Qd8 16. Qc3 Bd7 17. Re2 Qb6 18. Nxd7 Nxd7 19. exd5 cxd5 20. f4 Nd6 21. cxd5 Nb5 22. Qe3 Nxd4 23. Rf2 Nc2 24. Qxb6 Nxb6 25. Rc1 Nb4 26. Rc7 N4xd5 27. Rxb7 Rf7 1/2-1/2

[Event "Pardubice op rap 26th"]
[Site "Pardubice"]
[Date "2015.07.23"]
[Round "9"]
[White "Uhmann, Jan"]
[Black "Galan Fernandez, Felix"]
[Result "1-0"]
[WhiteElo "2019"]
[BlackElo "1970"]
[PlyCount "67"]
[EventDate "2015.07.22"]
[EventType "swiss (rapid)"]
[EventRounds "9"]
[EventCountry "CZE"]
[SourceTitle "CBM 167 Extra"]
[Source "ChessBase"]
[SourceDate "2015.09.14"]
[SourceVersion "1"]
[SourceVersionDate "2015.09.14"]
[SourceQuality "1"]

1. d4 Nf6 2. c4 c5 3. d5 e6 4. Nc3 exd5 5. cxd5 d6 6. e4 g6 7. f4 Bg7 8. Nf3 0-0 9. Be2 a6 10. a4 Nbd7 11. 0-0 Qe7 12. Nd2 Re8 13. Bf3 Rb8 14. a5 b5 15. axb6 Nxb6 16. Kh1 Nfd7 17. Ra3 c4 18. Na4 Nxa4 19. Qxa4 Bxb2 20. Bxb2 Rxb2 21. Nxc4 Rb5 22. Qc2 Nc5 23. Re3 Qf6 24. g3 Bd7 25. e5 dxe5 26. fxe5 Qg5 27. Qf2 Rf8 28. Bg2 Qh6 29. Nd6 Ra5 30. Rc3 Na4 31. Rc7 Bb5 32. Nxb5 Rxb5 33. Rxf7 Rbb8 34. e6 1-0

[Event "Pardubice op rap 26th"]
[Site "Pardubice"]
[Date "2015.07.22"]
[Round "3"]
[White "Uhmann, Jan"]
[Black "Dvornitskaya, Elena"]
[Result "0-1"]
[WhiteElo "2019"]
[BlackElo "1884"]
[PlyCount "54"]
[EventDate "2015.07.22"]
[EventType "swiss (rapid)"]
[EventRounds "9"]
[EventCountry "CZE"]
[SourceTitle "CBM 167 Extra"]
[Source "ChessBase"]
[SourceDate "2015.09.14"]
[SourceVersion "1"]
[SourceVersionDate "2015.09.14"]
[SourceQuality "1"]

1. d4 Nf6 2. c4 e6 3. Nc3 Bb4 4. e3 Bxc3+ 5. bxc3 d6 6. Bd3 0-0 7. f4 e5 8. Ne2 c5 9. 0-0 Nc6 10. d5 Ne7 11. Ng3 b5 12. e4 exf4 13. Bxf4 Ng6 14. cxb5 Ng4 15. Nf5 Nxf4 16. Rxf4 h5 17. c4 Bxf5 18. exf5 Qh4 19. h3 Qg3 20. Rxg4 hxg4 21. hxg4 Qe3+ 22. Kh2 Rfe8 23. Qf3 Qe5+ 24. Qg3 Qxa1 25. Qh4 Qe5+ 26. g3 Qb2+ 27. Kh3 Re1 0-1

[Event "CZE-chT2E 1415"]
[Site "Czech Republic"]
[Date "2014.11.30"]
[Round "3.2"]
[White "Bednar, Jaromir"]
[Black "Uhmann, Jan"]
[Result "1-0"]
[WhiteElo "2249"]
[BlackElo "2085"]
[PlyCount "85"]
[EventDate "2014.11.02"]
[EventType "team-tourn"]
[EventRounds "11"]
[EventCountry "CZE"]
[SourceTitle "EXT 2022"]
[Source "ChessBase"]
[SourceDate "2021.10.06"]
[SourceVersion "1"]
[SourceVersionDate "2021.10.06"]
[SourceQuality "1"]
[WhiteTeam "Dalesice Pivovar"]
[BlackTeam "Hustopece"]
[WhiteTeamCountry "CZE"]
[BlackTeamCountry "CZE"]

1. e4 e5 2. Nf3 Nc6 3. Nc3 Nf6 4. d4 exd4 5. Nd5 h6 6. Bf4 Nxd5 7. exd5 Bb4+ 8. Bd2 Qe7+ 9. Qe2 Bxd2+ 10. Kxd2 Qxe2+ 11. Bxe2 Ne7 12. d6 cxd6 13. Nxd4 a6 14. Rhe1 Kd8 15. f4 b6 16. Bf3 Rb8 17. Re2 Bb7 18. Bxb7 Rxb7 19. Rae1 Nd5 20. Nf5 Kc7 21. Nxg7 Nxf4 22. Rf2 Ne6 23. Rxf7 Nxg7 24. Rxg7 Rbb8 25. Ree7 Rbd8 26. Ref7 Kc6 27. Kd3 h5 28. g3 Rhe8 29. Rg5 Rh8 30. Rf4 Rh6 31. Rc4+ Kb7 32. Rh4 Rdh8 33. Rg7 b5 34. Rxd7+ Kc6 35. Ra7 Kb6 36. Rf7 Re8 37. Re4 Rg8 38. a4 Rg5 39. b3 Rd5+ 40. Ke2 Rc5 41. Kd2 d5 42. Ref4 Rhc6 43. a5+ 1-0

[Event "CZE-chT2E 1314"]
[Site "Czech Republic"]
[Date "2014.01.19"]
[Round "6.4"]
[White "Adamcik, Martin"]
[Black "Uhmann, Jan"]
[Result "1/2-1/2"]
[WhiteElo "2177"]
[BlackElo "2126"]
[PlyCount "91"]
[EventDate "2013.11.03"]
[EventType "team-tourn"]
[EventRounds "11"]
[EventCountry "CZE"]
[SourceTitle "EXT 2016"]
[Source "ChessBase"]
[SourceDate "2015.10.08"]
[SourceVersion "1"]
[SourceVersionDate "2015.10.08"]
[SourceQuality "1"]
[WhiteTeam "Prostejov"]
[BlackTeam "Hustopece"]
[WhiteTeamCountry "CZE"]
[BlackTeamCountry "CZE"]

1. Nf3 d5 2. d4 Nf6 3. c4 e6 4. g3 c6 5. Bg2 Ne4 6. 0-0 Nd7 7. Qc2 f5 8. Nbd2 Be7 9. b3 0-0 10. Bb2 Re8 11. e3 Bf6 12. Ne5 Nf8 13. Ndf3 g5 14. Nd3 Ng6 15. Nfe5 g4 16. f3 gxf3 17. Bxf3 Bxe5 18. dxe5 Qg5 19. Qe2 Re7 20. Kh1 Bd7 21. Nf4 Nxf4 22. exf4 Qh6 23. Kg2 Rg7 24. Bxe4 dxe4 25. Ba3 Be8 26. Qe3 Bh5 27. Rf2 Bg4 28. Kf1 Bf3 29. Ke1 b6 30. Bd6 c5 31. Kd2 Rd8 32. Kc2 Rgd7 33. Rd2 Qg7 34. Rf1 h5 35. Re1 Kh7 36. Rf1 Rg8 37. a3 a5 38. a4 Qf7 39. Re1 Qe8 40. Rf1 Qa8 41. Re1 Rg4 42. Rg1 Rdg7 43. Qe1 h4 44. Kb2 Qe8 45. Kc2 Qc6 46. Kb2 1/2-1/2

[Event "CZE-chT2E 1213"]
[Site "Czech Republic"]
[Date "2012.12.16"]
[Round "5.5"]
[White "Uhmann, Jan"]
[Black "Bilek, Petr"]
[Result "1-0"]
[WhiteElo "2147"]
[BlackElo "2079"]
[PlyCount "91"]
[EventDate "2012.10.14"]
[EventType "team-tourn"]
[EventRounds "11"]
[EventCountry "CZE"]
[SourceTitle "EXT 2016"]
[Source "ChessBase"]
[SourceDate "2015.10.08"]
[SourceVersion "1"]
[SourceVersionDate "2015.10.08"]
[SourceQuality "1"]
[WhiteTeam "Hustopece"]
[BlackTeam "Veseli nad Moravou"]
[WhiteTeamCountry "CZE"]
[BlackTeamCountry "CZE"]

1. d4 d5 2. Bg5 Nf6 3. Bxf6 gxf6 4. e3 Bf5 5. Nd2 e5 6. c3 Nd7 7. Qb3 Nb6 8. Ngf3 e4 9. Nh4 Bd7 10. g3 Ba4 11. Bb5+ Bxb5 12. Qxb5+ Qd7 13. Qxd7+ Kxd7 14. a4 a5 15. Ke2 Rg8 16. Ng2 Bd6 17. b3 c6 18. Nf4 Bxf4 19. exf4 f5 20. Nf1 Nc8 21. Ne3 Ke6 22. c4 Ne7 23. Rhb1 Rgb8 24. Rc1 b6 25. Ra2 Rc8 26. Rac2 Rab8 27. h3 h5 28. f3 Rg8 29. Kf2 f6 30. fxe4 fxe4 31. f5+ Kd6 32. g4 hxg4 33. hxg4 Rh8 34. Kg3 Rh7 35. Rh2 Rbh8 36. Rxh7 Rxh7 37. Rd1 Nc8 38. Ng2 Kd7 39. Nf4 Ne7 40. Nh5 Nxf5+ 41. Kf4 Rxh5 42. gxh5 Ke6 43. cxd5+ cxd5 44. Rh1 Nh6 45. Rc1 Kd6 46. Rg1 1-0

[Event "Rychnov Seniors op"]
[Site "Rychnov nad Kneznou"]
[Date "2012.08.23"]
[Round "4"]
[White "Innemann, Frantisek"]
[Black "Uhmann, Jan"]
[Result "0-1"]
[WhiteElo "1899"]
[BlackElo "2145"]
[PlyCount "46"]
[EventDate "2012.08.20"]
[EventType "swiss"]
[EventRounds "9"]
[EventCountry "CZE"]
[SourceTitle "CBM 150 Extra"]
[Source "ChessBase"]
[SourceDate "2012.10.19"]
[SourceVersion "1"]
[SourceVersionDate "2012.10.19"]
[SourceQuality "1"]

1. e4 e5 2. Bc4 Nf6 3. d3 Be7 4. Nc3 0-0 5. Be3 c6 6. Nf3 d5 7. Nxe5 dxc4 8. Nxc4 Re8 9. 0-0 Be6 10. Nd2 Ng4 11. Bf4 Nd7 12. Nf3 f5 13. h3 fxe4 14. Nxe4 Ngf6 15. Nfg5 Nf8 16. Nxe6 Nxe6 17. Be5 Nxe4 18. dxe4 Qa5 19. f4 Bf6 20. Bxf6 gxf6 21. Rf3 Kh8 22. Qd7 Qc7 23. Rd1 Rad8 0-1

[Event "CZE-chT2E 1112"]
[Site "Czech Republic"]
[Date "2011.12.04"]
[Round "4.5"]
[White "Uhmann, Jan"]
[Black "Brazdil, Roman"]
[Result "1-0"]
[WhiteElo "2152"]
[BlackElo "2137"]
[PlyCount "95"]
[EventDate "2011.10.09"]
[EventType "team-tourn"]
[EventRounds "11"]
[EventCountry "CZE"]
[SourceTitle "EXT 2013"]
[Source "ChessBase"]
[SourceDate "2012.11.22"]
[SourceVersion "1"]
[SourceVersionDate "2012.11.22"]
[SourceQuality "1"]
[WhiteTeam "Hustopece"]
[BlackTeam "Kromeriz II"]
[WhiteTeamCountry "CZE"]
[BlackTeamCountry "CZE"]

1. d4 Nf6 2. c4 e6 3. Nc3 d5 4. Nf3 Nbd7 5. Bg5 c6 6. e3 Qa5 7. Bxf6 Nxf6 8. Nd2 Bb4 9. Qc2 0-0 10. Bd3 dxc4 11. Bxc4 e5 12. Nb3 Qc7 13. a3 exd4 14. axb4 dxc3 15. bxc3 b6 16. 0-0 Ng4 17. g3 Ne5 18. Be2 Bh3 19. Rfe1 c5 20. bxc5 bxc5 21. f4 Ng4 22. Bf3 Rad8 23. Qe2 h5 24. e4 Rb8 25. Qc4 Rfc8 26. e5 h4 27. e6 hxg3 28. exf7+ Kf8 29. hxg3 Nf6 30. Re5 Qb6 31. Rb1 a5 32. Nd2 Qd6 33. Rxb8 Qxb8 34. Kh2 Bg4 35. Re2 Qc7 36. Re8+ Rxe8 37. fxe8Q+ Kxe8 38. Qe2+ Qe7 39. Bxg4 Nxg4+ 40. Qxg4 Qe3 41. Qc8+ Kf7 42. Qf5+ Kg8 43. Qd5+ Kh8 44. Kh3 Qg1 45. Nf3 Qh1+ 46. Kg4 g6 47. Qxc5 a4 48. Qf8+ 1-0

[Event "Brno Trade op"]
[Site "Brno"]
[Date "2010.08.29"]
[Round "9"]
[White "Uhmann, Jan"]
[Black "Vesely, Jaromir"]
[Result "1-0"]
[WhiteElo "1989"]
[BlackElo "1995"]
[PlyCount "147"]
[EventDate "2010.08.22"]
[EventType "swiss"]
[EventRounds "9"]
[EventCountry "CZE"]
[SourceTitle "CBM 138 Extra"]
[Source "ChessBase"]
[SourceDate "2010.10.29"]
[SourceVersion "1"]
[SourceVersionDate "2010.10.29"]
[SourceQuality "1"]

1. e4 c5 2. c3 e6 3. d4 a6 4. f4 d5 5. e5 Nc6 6. Nf3 Nh6 7. Bd3 Bd7 8. Be3 cxd4 9. cxd4 Qb6 10. Qd2 Nb4 11. Be2 Bb5 12. Nc3 Bxe2 13. Qxe2 Nf5 14. Bf2 Nc6 15. 0-0 h5 16. Rac1 Be7 17. a3 Rc8 18. Rc2 0-0 19. Rfc1 g6 20. Na4 Qa7 21. Qd1 Rc7 22. Rc3 Rfc8 23. Qc2 b5 24. Nc5 Ncxd4 25. Nxd4 Bxc5 26. Nxb5 Bxf2+ 27. Qxf2 Rxc3 28. Rxc3 Qxf2+ 29. Kxf2 Rb8 30. Nd6 Rxb2+ 31. Kf3 Nd4+ 32. Ke3 Nc2+ 33. Kd3 Ne1+ 34. Kd4 Rxg2 35. Rc8+ Kg7 36. Rc7 Nc2+ 37. Kc5 Nxa3 38. Rxf7+ Kg8 39. Rf6 Rc2+ 40. Kb4 Nb5 41. Rxg6+ Kf8 42. Rxe6 Nxd6 43. exd6 Rc8 44. Re5 Kf7 45. f5 d4 46. Ka5 Rd8 47. Rd5 Ke8 48. Rxd4 Kd7 49. Kxa6 Rf8 50. Kb5 Rxf5+ 51. Kc4 Rf6 52. Kc5 Rg6 53. Rd5 Rg1 54. Rxh5 Rc1+ 55. Kd5 Rd1+ 56. Ke5 Re1+ 57. Kd5 Rd1+ 58. Ke5 Re1+ 59. Kf6 Kxd6 60. h4 Rf1+ 61. Kg7 Ke6 62. Rg5 Rf7+ 63. Kg8 Rf4 64. h5 Kf6 65. Rg6+ Kf5 66. Kh7 Rb4 67. h6 Rb8 68. Rg8 Rb6 69. Rg7 Rb8 70. Rf7+ Ke6 71. Kg7 Rb3 72. Rf6+ Ke5 73. h7 Rb8 74. Rf8 1-0

[Event "Rychnov op"]
[Site "Rychnov nad Kneznou"]
[Date "2010.08.24"]
[Round "2"]
[White "Uhmann, Jan"]
[Black "Hajek, Jaroslav"]
[Result "1-0"]
[WhiteElo "2154"]
[BlackElo "2013"]
[PlyCount "85"]
[EventDate "2010.08.23"]
[EventType "swiss"]
[EventRounds "7"]
[EventCountry "CZE"]
[SourceTitle "CBM 138 Extra"]
[Source "ChessBase"]
[SourceDate "2010.10.29"]
[SourceVersion "1"]
[SourceVersionDate "2010.10.29"]
[SourceQuality "1"]

1. d4 Nf6 2. c4 e6 3. Nc3 d5 4. Nf3 c6 5. Bg5 Be7 6. e3 0-0 7. Bd3 dxc4 8. Bxc4 b5 9. Bb3 a6 10. 0-0 Bb7 11. Rc1 Nbd7 12. Qe2 c5 13. Rfd1 c4 14. Bc2 Re8 15. a3 Qb6 16. e4 Rad8 17. h3 Nf8 18. Be3 Qc7 19. Ne5 Ng6 20. f4 Nd7 21. Qf2 Ngf8 22. Rf1 f6 23. Nf3 Qc8 24. Rcd1 Qa8 25. d5 exd5 26. Nxd5 Bxd5 27. Rxd5 Nb8 28. Rxd8 Rxd8 29. e5 Qd5 30. Bb6 Rc8 31. Rd1 Qc6 32. Bf5 Nbd7 33. Be3 g6 34. Nd4 Qb7 35. Bg4 fxe5 36. fxe5 Nxe5 37. Bxc8 Qxc8 38. Qc2 Bc5 39. Qe4 Nd3 40. Qd5+ Kg7 41. Rf1 Qd7 42. Qg5 Qe8 43. Nf5+ 1-0